00723nam a2200193 i 450000100060000000300090000600500170001500700030003200800410003510000280007624501410010425000150024526000330026030000370029370000280033085200320035899900170039095201220040785282ES-MaACL20230906175220.0t|041126s1968 sp ||||1| spa d1 aJordan, Henry H.96691010aPrótesis ortopédicas b: principios y práctica para la construcción de sujeciones / cpor Henry H. Jordan ; versión A. Jornet. a[1ª ed.]. aBarcelona : bJims, c[1968] aXII, 297 p., 2 lám. ; c22 cm.1 aJornet Cases, A.966960 aES-MaACLjC-35541 bR.68493 c85282d85282 00104070aATENEOMbATENEOMcDEPO2d2008-01-17eSCl0oC-35541p1089121r2023-02-23 00:00:00w2023-02-23yMONOGRAFIA